000
00245nam a2200109Ia 4500
008
220216s9999 xx 000 0 und d
100
_a
George S
245
0
_a
Varalchaye athijeevikkan
260
_b
Rubber
_c
2020
300
_a
10-Jul
942
_c
BS
999
_c
48652
_d
48652